| 000 -LEADER |
| fixed length control field |
00838nam a2200277Ia 4500 |
| 001 - CONTROL NUMBER |
| control field |
16496 |
| 003 - CONTROL NUMBER IDENTIFIER |
| control field |
GE_BSU |
| 008 - FIXED-LENGTH DATA ELEMENTS--GENERAL INFORMATION |
| fixed length control field |
181216s||||||||xx |||||||||||||| ||und|| |
| 020 ## - INTERNATIONAL STANDARD BOOK NUMBER |
| International Standard Book Number |
9785160090436 |
| 040 ## - CATALOGING SOURCE |
| Transcribing agency |
GE_BSU |
| 080 ## - UNIVERSAL DECIMAL CLASSIFICATION NUMBER |
| Universal Decimal Classification number |
543(075.8) |
| 100 ## - MAIN ENTRY--PERSONAL NAME |
| Personal name |
Жебентяев,А,И, А,К, Жерносек,И,Е,Талуть |
| 245 ## - TITLE STATEMENT |
| Title |
Аналитическая химия |
| 245 ## - TITLE STATEMENT |
| Remainder of title |
Практикум:Учеб,пособие |
| 245 ## - TITLE STATEMENT |
| Statement of responsibility, etc. |
РЕД:Т,Р,Джум, Худ:С,В,Ковалевский |
| 260 ## - PUBLICATION, DISTRIBUTION, ETC. |
| Place of publication, distribution, etc. |
Москва |
| 260 ## - PUBLICATION, DISTRIBUTION, ETC. |
| Name of publisher, distributor, etc. |
Инфра |
| 260 ## - PUBLICATION, DISTRIBUTION, ETC. |
| Date of publication, distribution, etc. |
2014 |
| 300 ## - PHYSICAL DESCRIPTION |
| Extent |
429стр,22см |
| 300 ## - PHYSICAL DESCRIPTION |
| Accompanying material |
библиог.стр. 428 |
| 653 ## - INDEX TERM--UNCONTROLLED |
| Uncontrolled term |
Аналитическая химия |
| 653 ## - INDEX TERM--UNCONTROLLED |
| Uncontrolled term |
химия |
| 653 ## - INDEX TERM--UNCONTROLLED |
| Uncontrolled term |
ანალიტიკური ქიმია |
| 942 ## - ADDED ENTRY ELEMENTS (KOHA) |
| Koha item type |
წიგნი |